Top 15 Most Populous U.S. Cities - Statistics

General Stats
  • This quiz has been taken 36 times
  • The average score is 14 of 15
Answer Stats
State Population U.S. City % Correct
California 4,057,841 Los Angeles
100%
New York 8,601,186 New York City
100%
Illinois 2,679,044 Chicago
97%
Texas 1,379,735 Dallas
97%
Texas 2,359,480 Houston
97%
Pennsylvania 1,576,596 Philadelphia
97%
Arizona 1,711,356 Phoenix
97%
California 897,536 San Francisco
97%
California 1,453,775 San Diego
91%
Texas 1,001,104 Austin
88%
Texas 1,565,929 San Antonio
88%
Florida 920,984 Jacksonville
85%
Ohio 890,228 Columbus
82%
Texas 913,939 Fort Worth
82%
California 1,033,519 San Jose
82%
No matching quizzes found
Score Distribution
Percent of People with Each Score
Percentile by Number Answered
Your Score History
You have not taken this quiz